LEADER 01246nam a2200301 u 4500 001 000000079654 003 CaOOAMICUS 005 20070226123549.0 008 040609s2003 enk u000 u eng u 020 $a0754622827 035 $a10998437 040 $aPUL$bita 245 00$aJurisprudence for an interconnected globe /$cedited by Catherine Dauvergne. 260 $a[Aldershot] :$bAshgate,$cc2003. 300 $aviii, 253 p. ;$c24 cm 490 1 $aApplied legal philosophy 500 $aIndice : p. [249]-253. 504 $aBibliografia in nota. 650 4$aGlobalizzazione (economia).$0(OLS)http://pul/subject/20545 650 4$aDiritto e società.$0(OLS)http://pul/subject/12546 700 1 $aDauvergne, Catherine.$0(OLS)http://pul/name/53054 830 0$aApplied legal philosophy.$0(OLS)http://pul/title/104334 850 $aPUL 852 $aPUL$W1$xSL Diritto e Scienze Sociali 3$y79$m340 DAUCA 1$j120222$nBK-PRI$qDDC 21$B101889$CPULBib$Z2$F101889 $H93894 $82 941 1 $a9 996 $6020$a0754622827$9(OLS)http://pul/number/104862 996 $6245$aJurisprudence for an interconnected globe$9(OLS)http://pul/title/104333 996 $6260$a[Aldershot] :$bAshgate$9(OLS)http://pul/publisher/75679 LEADER 01715nam a2200361 a 4500 001 000000159342 003 CaOOAMICUS 005 20170309090800.0 008 170309s2015 be a u000 u fre r 020 $a978-2-503-55158-6* 032 $aLibriCat 040 $aPUL$bita 082 04$a709.02 245 04$aLes images dans l'occident médiéval /$csous la direction de Jérôme Baschet et Pierre-Olivier Dittmar ; introduction de Jean-Claude Schmitt ; par Eduardo Aubert ... [et al.] ; avec la collaboration d'Aline Debert et Nicole Gouiric. 260 $aTurnhout :$bBrepols,$c©2015. 300 $a507 p. :$bill. ;$c24 cm. 490 1 $aL'atelier du médiéviste ;$v14 650 4$aArte$xStoria$yEvo medio.$0(OLS)http://pul/subject/29379 700 1 $aGouiric, Nicole.$0(OLS)http://pul/name/101865 700 1 $aDebert, Aline.$0(OLS)http://pul/name/101864 700 1 $aBaschet, Jérôme.$0(OLS)http://pul/name/468 700 1 $aSchmitt, Jean-Claude,$d1946-$0(OLS)http://pul/name/15037 700 1 $aDittmar, Pierre-Olivier.$0(OLS)http://pul/name/101862 700 1 $aAubert, Eduardo.$0(OLS)http://pul/name/101863 830 2$aL'atelier du médiéviste ;$v14.$0(OLS)http://pul/title/10112 850 $aPUL 852 $aPUL$W1$xSL Cons. Gen., Altre Classi 3$y75$m709. 02 BASJE 1$j182648$qDDC 21$B185856$CPULBib$Z2$F185856 $H129042 $81 941 1 $a9 996 $6020$a978-2-503-55158-6*$9(OLS)http://pul/number/162176 996 $6082$a709.02$9(OLS)http://pul/classification/1994 996 $6245$aLes images dans l'occident médiéval$9(OLS)http://pul/title/198960 996 $6260$aTurnhout :$bBrepols$9(OLS)http://pul/publisher/47850